| 000 | 00680nam a22001937a 4500 | ||
|---|---|---|---|
| 003 | BD-DhUL | ||
| 005 | 20170228124407.0 | ||
| 008 | 170228s2017 bg a|||| m||| 00| 0 eng d | ||
| 040 |
_aBD-DhUL _cBD-DhUL |
||
| 082 |
_a595.7 _bABU |
||
| 245 | 1 | 0 |
_aThe abundance and infestation of cottony cushion scale (Icerya purchasi) on Mango plants / _h[MS Thesis] |
| 260 |
_aDhaka : _bUniversity of Dhaka, _c2016 |
||
| 300 |
_a[1], viii, 49 p. : _bill. (some col.) ; _c29 cm |
||
| 500 | _aThesis (MS)--Department of Zoology, University of Dhaka, Session: 2014-15 | ||
| 504 | _aIncludes bibliographical references | ||
| 650 | 0 | _aInsects | |
| 650 | 0 | _aIcerya purchasi | |
| 942 |
_2ddc _cREF |
||
| 999 |
_c158812 _d158812 |
||